| 000 | 00570nam a2200217Ia 4500 | ||
|---|---|---|---|
| 005 | 20260429112229.0 | ||
| 008 | 260429s9999||||xx |||||||||||||| ||und|| | ||
| 020 | _a9789357510073 | ||
| 041 | _aEnglish | ||
| 082 |
_a796.07 _bKUM |
||
| 100 | _aKumar, Lavlesh | ||
| 245 | 0 |
_aTests and measurements in physical education / _cLavlesh Kumar |
|
| 250 | _a1st ed. | ||
| 260 |
_aNew Delhi : _bRandom Publications, _c2023. |
||
| 300 | _ax, 275 p.; hb | ||
| 650 | _a Measurement | ||
| 650 | _a Physical education | ||
| 650 | _a Test | ||
| 650 | _aSports | ||
| 942 | _cTB | ||
| 999 |
_c53015 _d53015 |
||